Příběh o vodě

Znižovanie spotreby energie a udržateľnosť podnikania sú kľúčové témy dnešnej doby. Príbeh o tom, ako aktivácia vody môže pomôcť v teplárenskom priemysle. Technológie Hippotron. Projekt Evertis.

Gespeichert in:
Bibliographische Detailangaben
1. Verfasser: Daněk, Miroslav
Format: Buchkapitel
Sprache:Tschechisch
Schlagworte:
Tags: Tag hinzufügen
Keine Tags, Fügen Sie das erste Tag hinzu!

MARC

LEADER 00000naa a2200000 4500
001 0299926
005 20240417075310.7
041 0 |a cze 
044 |a CZ 
245 1 0 |a Příběh o vodě  |c Miroslav Daněk 
520 |a Znižovanie spotreby energie a udržateľnosť podnikania sú kľúčové témy dnešnej doby. Príbeh o tom, ako aktivácia vody môže pomôcť v teplárenskom priemysle. Technológie Hippotron. Projekt Evertis. 
610 2 0 |a inovácia 
610 2 0 |a plyn zemný 
610 2 0 |a teplárenstvo 
610 2 0 |a ekológia 
610 2 0 |a spotreba energie 
610 2 0 |a udržateľnosť 
100 1 |a Daněk, Miroslav